Qué es la ecología política?: la gran transformación del siglo XXI

Kaydedildi:
Detaylı Bibliyografya
Yazar: Lipietz, Alain (autor)
Materyal Türü: Kitap
Dil:İspanyolca
Baskı/Yayın Bilgisi: Santiago Lom 2002
Edisyon:1a. ed
Seri Bilgileri:Ecología y Medio Ambiente
Konular:
Etiketler: Etiketle
Etiket eklenmemiş, İlk siz ekleyin!

MARC

LEADER 00000cam a2200000 a 4500
001 UCE6253
003 CL-VaPUC
008 150402e20020100cl |||||||||||||||||spa|d
020 |a 9562824306 
082 0 4 |a 320.5  |b LIP  |2 21 
100 |a Lipietz, Alain  |e autor  |9 578910 
245 1 0 |a Qué es la ecología política?: la gran transformación del siglo XXI 
250 |a 1a. ed 
300 |a 105 p 
942 |c BK 
945 |d 20150402 11:08:00  |a dcastane 
260 |a Santiago  |b Lom  |c 2002 
650 0 |a Ideologías políticas   |9 255735 
650 7 |a ECOLOGISMO  |2 CL-VaPUC  |9 503978 
650 0 |a Ecología   |9 258124 
583 |a last modification  |c 20150402 11:08:00  |k Rodrigo Vera 
490 0 |a Ecología y Medio Ambiente 
999 |c 358626  |d 358624 
952 |0 0  |1 0  |3 erb  |4 0  |6 320_500000000000000_LIP_2002  |7 0  |8 A  |9 467461  |a BIBING  |b BIBING  |i 5143926  |l 2  |o 320.5 LIP 2002  |p 5143926  |r 2025-01-20  |s 2022-10-28  |w 2019-11-23  |y BK  |z Catalogado en:20150402  |k GEO